000 00295nam a22001217a 4500
008 180522b xxu||||| |||| 00| 0 eng d
041 _aeng
080 _a043.3
100 _a0
101 _aSHP-BTH
245 _aVarshmëria e shërbimeve nga menaxhimi i ri publik
_cLlugiqi,F
942 _2udc
_cBK
999 _c46175
_d46175